000 00738cam a2200205za 4500
005 20230403145538.0
008 230403e201706uuxxk | |||||||0|0 eng|d
020 _a9780414058330 (pbk.) :
020 _a041405833X (pbk.) :
041 _aeng
082 0 4 _a343.41078624
245 1 0 _aJCT: Management Contractor Collateral Warranty for a Funder 2016.
_bMCWa/F 2016
260 _aLondon :
_bSweet & Maxwell :
_b[distributor] Sweet & Maxwell Ltd :
_b[distributor] Thomson Reuters :
_b[distributor] Thomson Reuters :
_b[distributor] Academic Marketing Services (Pty),
_c2017.
300 _a17p.
490 _aJCT Contracts 2016
500 _aPaperback.
651 _aUnited Kingdom
942 _n0
999 _c121418
_d121418